Die Märchen / (Record no. 1754)

MARC details
000 -LEADER
fixed length control field 05422cam a22004457i 4500
001 - CONTROL NUMBER
control field data
005 - DATE AND TIME OF LATEST TRANSACTION
control field 20260322212116.0
008 - FIXED-LENGTH DATA ELEMENTS--GENERAL INFORMATION
fixed length control field data
035 ## - SYSTEM CONTROL NUMBER
System control number 21293301
010 ## - LIBRARY OF CONGRESS CONTROL NUMBER
LC control number 2019459605
016 7# - NATIONAL BIBLIOGRAPHIC AGENCY CONTROL NUMBER
Record control number 1182184200
Source DE-101
020 ## - INTERNATIONAL STANDARD BOOK NUMBER
International Standard Book Number 9783446263741
Qualifying information hardbound)
-- hardbound)
020 ## - INTERNATIONAL STANDARD BOOK NUMBER
International Standard Book Number 3446263748
Qualifying information hardbound)
-- hardbound)
035 ## - SYSTEM CONTROL NUMBER
System control number (OCoLC)1121193955
040 ## - CATALOGING SOURCE
Original cataloging agency OHX
Language of cataloging eng
Transcribing agency OHX
Description conventions rda
Modifying agency DLC
-- UBY
-- OCLCF
-- CLU
-- STF
-- VVC
-- BDF
-- OCLCO
-- OCLCQ
-- DLC
042 ## - AUTHENTICATION CODE
Authentication code lccopycat
050 00 - LIBRARY OF CONGRESS CALL NUMBER
Classification number PT2671.O344
Item number M37 2019
082 04 - DEWEY DECIMAL CLASSIFICATION NUMBER
Classification number 398.209 43
Edition information 23
100 1# - MAIN ENTRY--PERSONAL NAME
Personal name Köhlmeier, Michael,
Dates associated with a name 1949-
Relator term author.
245 14 - TITLE STATEMENT
Title Die Märchen /
Statement of responsibility, etc. Michael Köhlmeier ; mit Bildern von Nikolaus Heidelbach.
250 ## - EDITION STATEMENT
Edition statement 1. Auflage.
264 #1 - PRODUCTION, PUBLICATION, DISTRIBUTION, MANUFACTURE, AND COPYRIGHT NOTICE
Place of production, publication, distribution, manufacture München :
Name of producer, publisher, distributor, manufacturer Carl Hanser Verlag,
Date of production, publication, distribution, manufacture, or copyright notice 2019.
300 ## - PHYSICAL DESCRIPTION
Extent 806 pages :
Other physical details color illustrations ;
Dimensions 25 cm
336 ## - CONTENT TYPE
Content type term text
Content type code txt
Source rdacontent
337 ## - MEDIA TYPE
Media type term unmediated
Media type code n
Source rdamedia
338 ## - CARRIER TYPE
Carrier type term volume
Carrier type code nc
Source rdacarrier
505 00 - FORMATTED CONTENTS NOTE
Title Die Horde der bewaffneten Ungeborenen.
-- Trotzkopf und Dickbauch --
-- Die Traurige --
-- Die wilden Reiter --
-- Der Mund --
-- Der Reiter am Morgen --
-- Wenn ich euer Gott wäre --
-- Der Jäger und der Skorpion --
-- Der Mummelsee --
-- Der Heilige Ägidius --
-- Auf nach Jerusalem! --
-- Der Eferdinger Lügenbold --
-- Paracelsus und Luzifer --
-- Die Wilde Jagd --
-- Herr Pompo --
-- Jako Buttermilch und der Hexer Gorgonsolo --
-- Das Herz des Riesen --
-- Die Stunde ist da --
-- Die Wilde --
-- Hans und Lore --
-- Der unheimliche Gast --
-- Ripp vom Winkel --
-- Burg Rannariedl --
-- Das Gasthaus zum Roten Mandl --
-- Das Pechmandl --
-- Das Käuzchen von Rauhenstein --
-- Das Stäble --
-- Der Spielmann von Haslach --
-- Sebastian Inwendig --
-- Der Floh und der Teufel --
-- Der neidische Arzt --
-- Der gute Lappen --
-- Schneeblume --
-- Die drei Farben --
-- Kasgsichtl --
-- Astor und Pulja --
-- Jossele und der Dibbuk --
-- Der Dumme --
-- Die Moorfrau --
-- Joker --
-- Als ich jung war --
-- Horchinsland --
-- Das grosse Klatschen --
-- Die Möbel --
-- Das Gespensterheer --
-- Die Magdeburger Hochzeit --
-- Bei den Goldfischteichen --
-- Das Brot und das Messer --
-- Der alte Hundling --
-- Der Fundevogel --
-- Der Galgen --
-- Der Geisterzug --
-- Der Mantel --
-- Der Mond --
-- Mann und Löwe --
-- Bier aus Eierschalen --
-- Das Kasmandl --
-- Das Raudale --
-- "Dass ich alles verstehe" --
-- Der Schmied und seine kluge Frau --
-- Der Eisenmann --
-- Heinrich der Löwe --
-- Die Heilige Kümmernis --
-- Der Heilige Donatus --
-- Das weisse Hemd --
-- Doktor Faustus in Salzburg --
-- Die grosse Ernte --
-- Passauer Zeddeln --
-- Spieler und Pest --
-- Wenn ich es will --
-- Die Sibylle von der Teck --
-- Ein bisschen eine Hexe --
-- Frau Hitt --
-- Der Schatz im Gasteinertal --
-- Die Fenggen --
-- Die Pest in Bichl --
-- Die schöne Myra von Müggendorf --
-- Die schönen Frauen von Lech --
-- Maria im Schatten von Lockenhaus --
-- Der Handwerksbursch vom Prackersberg --
-- Der Wagnerloisl --
-- Ein Wintermitternachtsmärchen --
-- Der graue Erik --
-- Hansdoch und seine Tiere --
-- Joringel und Jorinde --
-- Der Palast aus Kristall --
-- Der Sägenfeiler --
-- Der schwarze Käfer --
-- Der Teufel und der Doktor --
-- Der Wacholderbaum --
-- Das Goldloch bei Mautern --
-- Das Nachtvolk --
-- Der Ötscher --
-- Der Watzmann --
-- Die goldene Gret --
-- Vila, die Waldfee --
-- Vom schönen Zacharias --
-- Teufel und Vagabund --
-- Burgherr von Kaps und Ritter von Münichan --
-- Das geheimste der geheimen Märchen --
-- Das Sonntagskind --
-- Musikant und Wolf --
-- Nachtschatten --
-- Klein-Weiss-Ich-Nicht --
-- Die kalte Pein --
-- Heiligenblut --
-- Niemand --
-- Pumpeter --
-- Sochiti Loch und Kogolkin Fach --
-- Wie aus den einen die anderen wurden --
-- Der beste Dieb der Welt --
-- Rotz-Risto --
-- Die Mordau --
-- Der liebe Augustin --
-- Der Stock im Eisen --
-- Der Teufel und der Erler Wind --
-- Der Tod als Lebensretter --
-- Das Trauerkirchlein bei Ossiach --
-- Das Villinger Thalfräule --
-- Die steinerne Hand --
-- Die steinerne Jungfrau --
-- Wolf Dietrich und der Erzengel Gabriel --
-- Der die Schlangen tötet --
-- Der feurige Tatzelwurm --
-- Die Bamberger Weberskatz --
-- Von der seligen Hemma --
-- Die Ballade vom Franzosenbrunnen in Redlham --
-- Der Neusiedlersee --
-- Der böse Mélac --
-- Der Gefangene auf Dürnstein --
-- Zwölf Knaben --
-- Der Mehlsack --
-- Grünbart --
-- Reiter in der Nacht --
-- Wie Gott der Herr in Begleitung eines Spielmanns ging --
-- Der Kegler vom Stephansturm --
-- Hans Puchsbaum und der Nordturm --
-- Der Mönch von Coburg --
-- Der nicht schlafen kann --
-- Wirbelwindhexe --
-- Der Schusterstein bei Grein --
-- Rappenschaichen --
-- Die arme Hemma --
-- Friedl mit der leeren Tasche --
-- Die Bognerin --
-- Die Stadt im Lautergrund --
-- Die goldenen Haare --
-- Schloss Reussenstein --
-- Hondidldo --
-- Die Natternkönigin --
-- Die Horde der bewaffneten Ungeborenen.
520 ## - SUMMARY, ETC.
Summary, etc. 151 short stories, written by Köhlmeier, for our time. These are original compositions, not retellings of folkloric material, though there is considerable formal resemblance.
650 #0 - SUBJECT ADDED ENTRY--TOPICAL TERM
Topical term or geographic name entry element Fairy tales.
650 #7 - SUBJECT ADDED ENTRY--TOPICAL TERM
Topical term or geographic name entry element Fairy tales.
Source of heading or term fast
Authority record control number or standard number (OCoLC)fst00919916
655 #7 - INDEX TERM--GENRE/FORM
Genre/form data or focus term Fairy tales.
Source of term fast
Authority record control number or standard number (OCoLC)fst01726605
655 #7 - INDEX TERM--GENRE/FORM
Genre/form data or focus term Fairy tales.
Source of term lcgft
700 1# - ADDED ENTRY--PERSONAL NAME
Personal name Heidelbach, Nikolaus,
Relator term illustrator.
906 ## - LOCAL DATA ELEMENT F, LDF (RLIN)
a 7
b cbc
c copycat
d 3
e ncip
f 20
g y-gencatlg
925 0# -
-- acquire
-- 1 shelf copy
-- policy default
923 ## -
-- 20191030
-- 0213732
-- GyWOH
985 ## -
-- VENDOR LOAD
Holdings
Withdrawn status Lost status Damaged status Not for loan Home library Current library Shelving location Date acquired Total checkouts Full call number Barcode Date last seen Price effective from Koha item type
        Fairview Fairview General stacks 22/03/2026   398.209 43 LOC-FPL-00039 22/03/2026 22/03/2026 Books